000 01326nam a22003617a 4500
001 000202
003 DO-SdBPM
005 20250708133046.0
007 ta
008 151210b2006 sp a 00| 0 spa d
020 _a8489384649
040 _aDO-SdBPM
_bspa
_cBPMSU
_erda
082 4 _a371.32
_bH673i 2006
_222
245 0 0 _aHistoria ilustrada de la escuela en Enpaña :
_bdos siglos de perspectiva histórica /
_cbajo la dirección de Agustín Escolano Benito ; colaboradores Miguel Beas Miranda...[et al].
264 _aMadrid :
_bFundación Germán Sánchez Ruipérez,
_c2006
300 _a510 páginas . :
_bilustraciones, retratos ;
_c26 cm.
336 _atexto
_btxt
_2rdacontent
337 _asin mediación
_bn
_2rdamedia
338 _avolumen
_bnc
_2rdacarrier
490 0 _aBiblioteca del libro
500 _aIncluye notas
500 _aIncluye índice analítico
504 _aBibliografia páginas : 489-497
590 _aInventariado, 2025/VM
650 7 _aLibros de texto
_xHistoria
_zEspaña
_ySiglo XIX
700 1 _aEscolano Benito, Agustín
_edirección
700 1 2 _aBeas Miranda, Miguel
_ecol.
700 1 2 _aBenso Calvo, Carmen
_ecol.
700 1 2 _aCosta Rico, Antón
_ecol.
710 2 _aFundación Germán Sánchez Ruipérez,
910 _aVMateo V. Control de calidad. BPMSU
942 _2ddc
_cBK
999 _c9391
_d9391